| 000 | 00358nam a2200133Ia 4500 | ||
|---|---|---|---|
| 008 | 191201s2004 xx 000 0 und d | ||
| 082 |
_a621.319 _bRAE |
||
| 100 | _aRAO, S | ||
| 245 | 0 | _aGot it EHV-AC, HVDC Transmission and Distribution Engineering | |
| 260 |
_aN.Delhi _bKhanna Publisher _c2004 |
||
| 300 | _a1421 | ||
| 650 | _aB.Tech(CSE) | ||
| 942 |
_2ddc _cBK |
||
| 999 |
_c2155 _d2155 |
||